L'Admission aux écoles secondaires d'après les données fournies par les ministères de l'instruction publique. (Record no. 20826)

MARC details
000 -LEADER
campo de control de longitud fija 00825nam a2200181 i 4500
001 - NÚMERO DE CONTROL
campo de control 20826
003 - IDENTIFICADOR DE NÚMERO DE CONTROL
campo de control ES-MaACL
005 - FECHA Y HORA DE LA ÚLTIMA TRANSACCIÓN
campo de control 20250828083958.0
007 - CAMPO FIJO DE DESCRIPCIÓN FÍSICA--INFORMACIÓN GENERAL
campo de control de longitud fija t|
008 - DATOS DE LONGITUD FIJA--INFORMACIÓN GENERAL
campo de control de longitud fija 021119s1934 sz ||||1| fre d
245 02 - MENCIÓN DEL TÍTULO
Título L'Admission aux écoles secondaires d'après les données fournies par les ministères de l'instruction publique.
260 ## - PUBLICACIÓN, DISTRIBUCIÓN, ETC.
Lugar de publicación, distribución, etc. Geneve :
Nombre del editor, distribuidor, etc. Bureau International d'Education,
Fecha de publicación, distribución, etc. 1934 (
Fabricante Lyon Bosch freres)
300 ## - DESCRIPCIÓN FÍSICA
Extensión 222 p. ;
Dimensiones 24 cm.
500 ## - NOTA GENERAL
Nota general En la cubierta: IIIe conférence internationale de l'instruction publique. Genève 1934. L'admission aux écoles secondaires (Troisième question à l'ordre du jour). - Numéro des "Publications du Bureau international d'éducation", n° 34.
710 20 - ENTRADA AGREGADA--NOMBRE DE ENTIDAD CORPORATIVA
Nombre de entidad corporativa o nombre de jurisdicción como elemento de entrada Oficina Internacional de Educación
9 (RLIN) 6022
852 ## - LOCALIZACIÓN
Ubicación ES-MaACL
Número de control de estantería A-2954
Holdings
Estatus retirado Estado de pérdida Estado de daño No para préstamo Biblioteca de origen Biblioteca actual Ubicación en estantería Fecha de adquisición Fuente de adquisición Total de préstamos Signatura topográfica completa Código de barras Visto por última vez Precio de reemplazo Tipo de ítem Koha
        Biblioteca del Ateneo de Madrid Biblioteca del Ateneo de Madrid Sala Pecera Planta 1 17/01/2008     A-2954 1021388 23/02/2023 23/02/2023 Libro impreso